00910nam a22002411 450000100060000000300080000600500170001400800410003103500190007204000270009104100080011808200220012610000340014824501050018226000440028730000350033149000560036650400490042265000270047194200120049899900170051095201410052733978BD-RjUL20211209052104.0140512s1966 n a b 001 0 eng d a(BD-RjUL)34070 aDLCcDLCdBD-RjULbeng aeng00a301.15bSHI 19661 aSherif, Muzaferd1905-99198310aIn common predicament :bsocial psychology of intergroup conflict and cooperation /cSherif, Muzafer aNewYork :bHoughton Mifflin Co.,c1966. axv, 192 p. :billus. ;c22 cm.0 aThe International series in the behavioral sciences aIncludes index and Bibliography: p. 175-185. 0aSocial groups.9103275 2ddccBK c33978d33978 00102ddc40718NFICaRUCLbRUCLcReadingd1968-12-28eZeitlingerg47.00l0o301.15 SHI 1966r2014-05-12 00:00:00tC-1w2014-05-12yBK